Private renting in transition (Record no. 104035)

MARC details
000 -LEADER
fixed length control field 01134cam a2200217 4500
001 - CONTROL NUMBER
control field L128914
008 - FIXED-LENGTH DATA ELEMENTS--GENERAL INFORMATION
fixed length control field 050228n2004 000 0 eng u
020 ## - INTERNATIONAL STANDARD BOOK NUMBER
International Standard Book Number 190320836X
035 ## - SYSTEM CONTROL NUMBER
System control number (Sirsi) u128914
041 ## - LANGUAGE CODE
Language code of text/sound track or separate title eng
050 ## - LIBRARY OF CONGRESS CALL NUMBER
Classification number 306.1
-- 18
100 ## - MAIN ENTRY--PERSONAL NAME
Personal name Kemp, Peter A.
245 ## - TITLE STATEMENT
Title Private renting in transition
260 ## - PUBLICATION, DISTRIBUTION, ETC.
Place of publication, distribution, etc. Coventry
Name of publisher, distributor, etc. Chartered Institute of Housing
Date of publication, distribution, etc. 2004
300 ## - PHYSICAL DESCRIPTION
Extent v,202p
Dimensions 24cm.
350 ## - PRICE (NR) (BK AM CF MU VM SE) [OBSOLETE]
Price 20
520 ## - SUMMARY, ETC.
Summary, etc. Provides an analysis and overview of the privately rented housing market in Britain from the 19th century to date. Part I describes the historical development of private renting from the late Victorian period to private renting under New Labour. Part II focuses on crucial aspects of the privately rented housing sector today including the stock of dwellings, landlords, private tenants, access to accommodation, affordability and housing benefits and landlord-tenant relations. Concludes with a retrospective overview and a discussion of the sector's future. References.
590 ## - LOCAL NOTE (RLIN)
Local note IKA150405
690 ## - LOCAL SUBJECT ADDED ENTRY--TOPICAL TERM (OCLC, RLIN)
Topical term or geographic name as entry element PROPERTY-RESIDENTIAL PROPERTY-RESIDENTIAL LANDLORD AND TENANT
942 ## - ADDED ENTRY ELEMENTS (KOHA)
Suppress in OPAC 0
Holdings
Withdrawn status Lost status Source of classification or shelving scheme Damaged status Not for loan Home library Current library Shelving location Date acquired Total Checkouts Full call number Barcode Date last seen Date last checked out Copy number Price effective from Koha item type
    Dewey Decimal Classification     London London Books 12/04/2005 2 306.1 KEM 30061975 06/08/2019 11/08/2009 1 06/08/2019 Book